El consejero delegado: ¿mano visible en la creación de riqueza? (Registro nro. 14632)

Detalles MARC
000 -LEADER
fixed length control field 00385 a2200121 4500
001 - CONTROL NUMBER
control field ART_40669
005 - DATE AND TIME OF LATEST TRANSACTION
control field 20260410161655.0
008 - FIXED-LENGTH DATA ELEMENTS--GENERAL INFORMATION
fixed length control field 260409a
100 1# - MAIN ENTRY--PERSONAL NAME
Personal name Prahalad, C. K.
245 10 - TITLE STATEMENT
Title El consejero delegado: ¿mano visible en la creación de riqueza?
700 1# - ADDED ENTRY--PERSONAL NAME
Personal name Doz, Yves L.
773 0# - HOST ITEM ENTRY
Title Harvard Deusto Business Review
Related parts - Nº 103 (jul./ago. 2001)
Record control number REV521

No hay ítems disponibles.